Online
Catalog

Obras para piano : / (Record no. 45279)

MARC details
000 -CABECERA
campo de control de longitud fija 00674nam a2200181 a 4500
001 - NÚMERO DE CONTROL
campo de control 000045790
005 - FECHA Y HORA DE LA ÚLTIMA TRANSACCIÓN
campo de control 20201002052438.0
008 - DATOS DE LONGITUD FIJA--INFORMACIÓN GENERAL
campo de control de longitud fija 150514s2007 dr a 000 0 spa d
040 ## - FUENTE DE LA CATALOGACIÓN
Centro catalogador/agencia de origen DO-SdBNP
Lengua de catalogación spa
Centro/agencia transcriptor BNPHU
082 ## - NÚMERO DE LA CLASIFICACIÓN DECIMAL DEWEY
Número de clasificación xxxx
Número de documento/Ítem xxxx
100 1# - ENTRADA PRINCIPAL--NOMBRE DE PERSONA
Nombre de persona Landestoy Duluc, Rafael Enrique,
Fechas asociadas al nombre 1924-
9 (RLIN) 73872
245 10 - MENCIÓN DE TÍTULO
Título Obras para piano : /
Mención de responsabilidad, etc. Rafael Enrique Landestoy Duluc (Bullumba) ; presentación ; Margarita Cedeño de Fernández.
260 ## - PUBLICACIÓN, DISTRIBUCIÓN, ETC.
Lugar de publicación, distribución, etc. Santo Domingo :
Nombre del editor, distribuidor, etc. Despacho de la Primera Dama,
Fecha de publicación, distribución, etc. 2007.
300 ## - DESCRIPCIÓN FÍSICA
Extensión 168 p. :
Otras características físicas il., música ;
Dimensiones 30 cm.
490 1# - MENCIÓN DE SERIE
Mención de serie Educación musical
700 12 - PUNTO DE ACCESO ADICIONAL--NOMBRE DE PERSONA
Nombre de persona Cedeño de Fernández, Margarita
Término indicativo de función/relación pres.
9 (RLIN) 1331
830 #0 - PUNTO DE ACCESO ADICIONAL DE SERIE-TÍTULO UNIFORME
Título uniforme Educación musical
9 (RLIN) 73873
Holdings
Estado de retiro Estado de pérdida No para préstamo Código de colección Localización permanente Ubicación/localización actual Ubicación en estantería Fecha de adquisición Número de inventario Total de préstamos Signatura topográfica completa Código de barras Fecha visto por última vez Precio válido a partir de Tipo de ítem Koha Nota pública
    Excluido de préstamo Patrimonio Dominicano Patrimonio Dominicano Patrimonio Dominicano En catalogación 14.05.2015 LF1   xxxx xxxx 45790-10 25.06.2020 25.06.2020 Libro y Folleto Colección Patrimonio Dominicano Perteneció a la biblioteca personal de Erick Landestoy.

Powered by Koha